Loading...
Science - Biology | 0 | 5 | 2 | 1 | 40 | 73 | 100.20 | 0 | 1 |
Science - Chemistry | 0 | 3 | 0 | 0 | 30 | 40 | 69.33 | 1 | 2 |
Literature - American Literature | 0 | 2 | 0 | 0 | 20 | 67 | 77.00 | 0 | 1 |
Literature - European Literature | 0 | 2 | 0 | 0 | 20 | 130 | 131.50 | 0 | 0 |
Science - Other Science | 0 | 3 | 2 | 0 | 20 | 27 | 58.67 | 1 | 2 |
Social Science | 0 | 2 | 2 | 0 | 10 | 65 | 70.00 | 2 | 2 |
Fine Arts - Visual Fine Arts | 0 | 1 | 0 | 0 | 10 | 84 | 84.00 | 0 | 0 |
Geography/Current Events | 0 | 1 | 0 | 1 | 10 | 117 | 117.00 | 0 | 0 |
History - American History | 0 | 1 | 0 | 1 | 10 | 122 | 122.00 | 0 | 0 |
Philosophy | 0 | 1 | 0 | 0 | 10 | 116 | 116.00 | 0 | 0 |
Fine Arts - Other Fine Arts | 0 | 1 | 0 | 0 | 10 | 98 | 98.00 | 0 | 0 |
History - European History | 0 | 1 | 1 | 0 | 5 | 72 | 72.00 | 0 | 1 |
Science - Physics | 0 | 1 | 1 | 0 | 5 | 67 | 67.00 | 0 | 0 |
Religion | 0 | 1 | 1 | 0 | 5 | 78 | 78.00 | 0 | 0 |